000 00386pab a2200145 454500
008 180718b2015 xxu||||| |||| 00| 0 eng d
100 _aBourgeois, Robin
245 _aWhat future for rural areas? seven plausible rural transformations
260 _c2015
300 _ap.177-186.
650 _aRural areas
650 _aRural development
773 _aDevelopment
909 _a114677
999 _c114671
_d114671